书目信息 |
| 题名: |
血液
|
|
| 作者: | 梁永钰 , 张大庆 著 | |
| 分册: | ||
| 出版信息: | 上海 上海科学技术出版社 2002 |
|
| 页数: | 142页 | |
| 开本: | 19cm | |
| 丛书名: | 看世界 | |
| 单 册: | ||
| 中图分类: | R331.1 | |
| 科图分类: | ||
| 主题词: | 血液--基本知识 , CT--S084992--血液 | |
| 电子资源: | ||
| ISBN: | 7-5323-6709-6 | |
| 000 | 01114nam0 2200385 450 | |
| 000 | 01079nam0 2200373 450 | |
| 000 | 01042nam0 2200361 450 | |
| 000 | 01180nam0 2200361 450 | |
| 000 | 01107oam2 2200337 450 | |
| 001 | 002216780 | |
| 005 | 20030208170530.0 | |
| 010 | @a7-5323-6709-6@dCNY20.00 | |
| 035 | @a002216780 | |
| 092 | @aCN@b538524 | |
| 100 | @a20021226d2002 em y0chiy0110 ea | |
| 101 | 0 | @achi |
| 102 | @aCN@b310000 | |
| 105 | @aa z 000yy | |
| 106 | @ar | |
| 200 | 1 | @a血液@Axue ye@e生命体内的河流@f梁永钰,张大庆著@Fliang yong yu, zhang da qing zhu |
| 210 | @a上海@c上海科学技术出版社@d2002 | |
| 215 | @a142页@c彩图@d19cm | |
| 225 | 2 | @a看世界 |
| 300 | @a科学技术部“十五”科普资助项目 | |
| 308 | @a丛书之6 | |
| 461 | 0 | @1001012002048606@12001 @a看世界 |
| 606 | 0 | @a血液@x基本知识 |
| 606 | 0 | @2CT@3S084992@a血液 |
| 690 | @aR331.1@v4 | |
| 701 | 0 | @a梁永钰@Aliang yong yu@4著 |
| 701 | 0 | @a张大庆@Azhang da qing@4著 |
| 801 | 0 | @aCN@bNLC@c20030210 |
| 905 | @aBZT@dR331.1@e1 | |
| 906 | @dCNY20.00@n0@r1 | |
| 血液:生命体内的河流/梁永钰,张大庆著.-上海:上海科学技术出版社,2002 |
| 142页:彩图;19cm.-(看世界) |
| 科学技术部“十五”科普资助项目 |
| ISBN 7-5323-6709-6:CNY20.00 |
| ● |
| 相关链接 |
|
|
|
正题名:血液
索取号:R331.1/1
 
预约/预借
| 序号 | 登录号 | 条形码 | 馆藏地/架位号 | 状态 | 备注 |
| 1 | 651638 | 2000651638 | 中心书库中库/ 中库006架A面5列2层17/ [索取号:R331.1/1] | 在馆 | |
| 2 | 651639 | 2000651639 | 中心书库中库/ 中库006架B面2列2层29/ [索取号:R331.1/1] | 在馆 | |
| 3 | 651640 | 2000651640 | 中心书库中库/ 中库006架A面5列2层14/ [索取号:R331.1/1] | 在馆 | |
| 4 | 651641 | 2000651641 | 中心书库中库/ 中库006架B面2列2层31/ [索取号:R331.1/1] | 在馆 | |
| 5 | 651642 | 2000651642 | 中心书库中库/ 中库006架B面2列2层28/ [索取号:R331.1/1] | 在馆 | |
| 6 | 651643 | 2000651643 | 中心书库中库/ 中库006架A面5列2层15/ [索取号:R331.1/1] | 在馆 | |
| 7 | 651644 | 2000651644 | 中心书库中库/ 中库005架B面3列7层40/ [索取号:R331.1/1] | 在馆 | |
| 8 | 651645 | 2000651645 | 中心书库中库/ 中库006架B面2列2层30/ [索取号:R331.1/1] | 在馆 | |
| 9 | 651646 | 2000651646 | 中心书库中库/ 中库006架A面5列2层18/ [索取号:R331.1/1] | 在馆 | |
| 10 | 651647 | 2000651647 | 中心书库中库/ 中库006架A面5列2层16/ [索取号:R331.1/1] | 在馆 |